<?xml version="1.0" encoding="UTF-8"?>
<resp>
  <nextPage>https://data.bn.org.pl/api/networks/bibs.marcxml?marc=001+b00001150000252&amp;sinceId=1150000253</nextPage>
  <collection>
    <record xmlns='http://www.loc.gov/MARC21/slim'><leader>01175namZa2200373ZiZ4500</leader><controlfield tag='001'>b00001150000252</controlfield><controlfield tag='005'>20260416110702.9</controlfield><controlfield tag='008'>230609s        pl           |000 0 pol c</controlfield><controlfield tag='009'>9913261969105606</controlfield><datafield ind1=' ' ind2=' ' tag='020'><subfield code='a'>8372454507</subfield></datafield><datafield ind1=' ' ind2=' ' tag='035'><subfield code='a'>KR_1KR_1_20120317233312069515-48omnis_kr</subfield></datafield><datafield ind1=' ' ind2=' ' tag='035'><subfield code='a'>(PL)b00001150000252</subfield></datafield><datafield ind1=' ' ind2=' ' tag='040'><subfield code='a'>KR_1</subfield><subfield code='c'>KR_1</subfield></datafield><datafield ind1='1' ind2=' ' tag='041'><subfield code='a'>pol</subfield><subfield code='h'>eng</subfield></datafield><datafield ind1='1' ind2=' ' tag='100'><subfield code='a'>Grisham, John</subfield></datafield><datafield ind1='1' ind2='0' tag='245'><subfield code='a'>Bractwo /</subfield><subfield code='c'>John Grisham ; przekł. Jan Kraśko.</subfield></datafield><datafield ind1=' ' ind2=' ' tag='250'><subfield code='a'>Wyd. 3.</subfield></datafield><datafield ind1=' ' ind2=' ' tag='260'><subfield code='a'>Warszawa :</subfield><subfield code='b'>&quot;Amber&quot;,</subfield><subfield code='c'>2002.</subfield></datafield><datafield ind1=' ' ind2=' ' tag='300'><subfield code='a'>286 s. ;</subfield><subfield code='c'>21 cm.</subfield></datafield><datafield ind1='1' ind2=' ' tag='490'><subfield code='a'>Srebrna Seria</subfield></datafield><datafield ind1=' ' ind2=' ' tag='500'><subfield code='a'>p</subfield></datafield><datafield ind1=' ' ind2='9' tag='650'><subfield code='a'>Powieść amerykańska</subfield><subfield code='y'>20 w.</subfield></datafield><datafield ind1='1' ind2=' ' tag='700'><subfield code='a'>Kraśko, Jan</subfield><subfield code='d'>(1954- )</subfield><subfield code='e'>Tł.</subfield></datafield><datafield ind1=' ' ind2=' ' tag='852'><subfield code='b'>48OMNIS_NETWORK</subfield><subfield code='8'>9913261969105606</subfield></datafield><datafield ind1=' ' ind2=' ' tag='852'><subfield code='b'>48OMNIS_AGH</subfield><subfield code='8'>991002074399708832</subfield></datafield><datafield ind1=' ' ind2=' ' tag='852'><subfield code='b'>48OMNIS_WBP</subfield><subfield code='8'>990009743890308414</subfield></datafield><datafield ind1=' ' ind2=' ' tag='852'><subfield code='b'>48OMNIS_KPS</subfield><subfield code='8'>990001859510208415</subfield></datafield><datafield ind1=' ' ind2=' ' tag='852'><subfield code='b'>48OMNIS_KR</subfield><subfield code='8'>991000002529708216</subfield></datafield><datafield ind1=' ' ind2=' ' tag='852'><subfield code='8'>22775533550008832</subfield><subfield code='j'>1</subfield><subfield code='b'>AGHBG</subfield><subfield code='p'>1170004583</subfield><subfield code='c'>BB_MAG</subfield></datafield><datafield ind1=' ' ind2=' ' tag='852'><subfield code='8'>22762123900008415</subfield><subfield code='j'>1</subfield><subfield code='b'>KP</subfield><subfield code='p'>000002604572</subfield><subfield code='c'>WG</subfield><subfield code='z'>820(73)-3 MAG</subfield></datafield><datafield ind1=' ' ind2=' ' tag='920'><subfield code='a'>83-7245-450-7</subfield></datafield></record>
  </collection>
</resp>
